| 000 | 00649nam a2200193 i 4500 | ||
|---|---|---|---|
| 001 | 13837 | ||
| 003 | ES-MaACL | ||
| 005 | 20230906150655.0 | ||
| 007 | t| | ||
| 008 | 980710s1982 fr ||||1| eng d | ||
| 020 | _a92-64-02326-7 | ||
| 080 | _a621.039 | ||
| 245 | 0 | 0 |
_aNuclear energy prospects to 2000 _b: a joint report by the Secretariats of the OECD - Nuclear Energy Agency and the International Energy Agency. |
| 260 |
_aParis : _bOECD/IEA, _c1982. |
||
| 300 |
_a129 p. ; _c25 cm. |
||
| 650 | 4 |
_aEnergía nuclear. _912254 |
|
| 710 | 2 |
_aOrganización de Cooperación y Desarrollo Económico. _9167502 |
|
| 852 |
_aES-MaACL _jL-21296 _bR.112187 |
||
| 999 |
_c13837 _d13837 |
||